| 000 | 00731cam a2200205 4500 | ||
|---|---|---|---|
| 005 | 20230221084537.0 | ||
| 008 | 230119b ag ||||| |||| 00| 0 spa d | ||
| 020 | _a9505691270 | ||
| 050 | 0 | 4 |
_aKHA3015 _bR85 1998 |
| 100 | 1 | _aRuiz Martínez, Esteban | |
| 245 | 1 | 4 |
_aLos informes comerciales y el derecho a la información _c / Esteban Ruiz Martínez ; prólogo de Enrique M. Butty. |
| 250 | _a1a ed. | ||
| 260 |
_aBuenos Aires : _bÁbaco de Rodolfo Depalma, _c1998 |
||
| 300 |
_a262 p. ; _c23 cm |
||
| 504 | _aIncluye bibliografía : p. 257-262 | ||
| 650 | 7 |
_2lemb _aLibertad de información _zArgentina |
|
| 650 | 7 |
_2lemb _aDerecho a la privacidad _zArgentina |
|
| 700 | 1 |
_aButty, Enrique M., _eprologuista |
|
| 942 |
_2lcc _cLIB |
||
| 999 |
_c107726 _d107726 |
||